000 00560nam a2200217Ia 4500
008 170203s9999 xx 000 0 und d
020 _a9718910867
050 _aFic
050 _bP987
245 _aPuss in boots /
260 _aPhilippines :
260 _bStraight lines International, Inc.
260 _c2001
300 _a24 pages :
300 _bcolor illustrations :
300 _c21 cm.
440 _aClassic tales collection.
650 _aCats -- Folklore --
650 _aYoung men -- Juvenile fiction.
650 _xJuvenile fiction.
999 _c306597
_d306597